№ 5-6 (79); Полупроводниковая светотехника

Detalles Bibliográficos
Parent link:Полупроводниковая светотехника: научно-технический журнал. № 5-6 (79).— .— Санкт-Петербург: Медиа КиТ, 2009-.— 2079-9462
Summary:Интерактивный мультимедиа ресурс
AM_Agreement
Idioma:ruso
Publicado: 2022
Acceso en liña:https://elibrary.ru/contents.asp?id=50739892
Formato: MixedMaterials Electrónico Libro
KOHA link:https://koha.lib.tpu.ru/cgi-bin/koha/opac-detail.pl?biblionumber=669959

MARC

LEADER 00000nam2a2200000 4500
001 669959
005 20231211115224.0
090 |a 669959 
100 |a 20231211d2022 k||y0rusy50 ca 
101 0 |a rus 
102 |a RU 
105 |a a|||z|||001yy 
181 0 |a i   |b  e  
182 0 |a b 
183 0 |a cr  |2 RDAcarrier 
200 0 |a № 5-6 (79) 
203 |a Текст  |c электронный  |b визуальный 
210 |d 2022 
283 |a online_resource  |2 RDAcarrier 
320 |a Библиография в конце статей 
336 |a Интерактивный мультимедиа ресурс 
371 0 |a AM_Agreement 
461 1 |0 579790  |t Полупроводниковая светотехника  |o научно-технический журнал  |v № 5-6 (79)  |d 2009-  |9 579790  |c Санкт-Петербург  |n Медиа КиТ  |x 2079-9462 
801 0 |a RU  |b 63413507  |c 20231211  |g RCR 
856 4 0 |u https://elibrary.ru/contents.asp?id=50739892  |z https://elibrary.ru/contents.asp?id=50739892 
942 |c CR